La migración centroamericana: apuntes para un mapa provisional /
Spremljeno u:
| Glavni autor: | |
|---|---|
| Format: | Tekst |
| Oznake: |
Dodaj oznaku
Bez oznaka, Budi prvi tko označuje ovaj zapis!
|
MARC
| LEADER | 00000 a a2200000 04500 | ||
|---|---|---|---|
| 001 | 47321 | ||
| 003 | |||
| 040 | |||
| 100 | |a Marroquín Parducci, Amparo | ||
| 245 | |a La migración centroamericana: |b apuntes para un mapa provisional / |c Amparo Marroquín Parducci | ||
| 773 | |g volumen69, número736, (2014), páginas 91-103 | ||
| 999 | |c 39202 |d 39202 | ||
